Metode al-ta'rif dalam mantik dan al-Qur'an /
محفوظ في:
| المؤلف الرئيسي: | |
|---|---|
| التنسيق: | أطروحة كتاب |
| اللغة: | Malay |
| الموضوعات: | |
| الوسوم: |
إضافة وسم
لا توجد وسوم, كن أول من يضع وسما على هذه التسجيلة!
|
| LEADER | 01449cam a2200349 a 4500 | ||
|---|---|---|---|
| 001 | u782817 | ||
| 003 | SIRSI | ||
| 005 | 200911251536 | ||
| 008 | 091125s2009 my t 000 0 may m | ||
| 040 | |a UMA |d UMM |e rda | ||
| 090 | |a BP42 |b A2 UM 2009 Norj | ||
| 094 | |a BP42 |b A2 UM 2009 Norj | ||
| 100 | 0 | |a Noraini Junoh |e author. | |
| 245 | 1 | 0 | |a Metode al-ta'rif dalam mantik dan al-Qur'an / |c Noraini binti Junoh. |
| 264 | 1 | |c 2009. | |
| 264 | 4 | |c 2009. | |
| 300 | |a xiv, 206 leaves : |b illustrations ; |c 30 cm. | ||
| 336 | |a text |2 rdacontent | ||
| 337 | |a unmediated |2 rdamedia | ||
| 338 | |a volume |2 rdacarrier | ||
| 500 | |a Diselia oleh Prof. Madya Dr Mohd. Fauzi Hamat. | ||
| 502 | |a Dissertation (M.Usuluddin) -- Jabatan Akidah dan Pemikiran Islam, Akademi Pengajian Islam, Universiti Malaya, 2009. | ||
| 504 | |a Bibliography: leaves 196-206. | ||
| 630 | 0 | 0 | |a al-Qur'an |x Criticism, interpretation, etc. |
| 630 | 0 | 0 | |a al-Qur'an |x Language, style. |
| 650 | 0 | |a Logic. | |
| 710 | 2 | |a Universiti Malaya. |b Jabatan Akidah dan Pemikiran Islam. | |
| 900 | |a JAR | ||
| 596 | |a 1 12 18 | ||
| 999 | |a BP42 A2 UM 2009 NORJ |w LC |c 1 |i A512991105 |l RESERVES |m P18ISLPURI |r Y |s Y |t TESIS |u 2/12/2009 | ||
| 999 | |a BP42 A2 UM 2009 NORJ |w LC |c 1 |i A513560617 |d 21/12/2018 |e 21/12/2018 |f 9/12/2009 |g 1 |l RESERVES |m P12ISLAMKL |n 2 |r Y |s Y |t TESIS |u 9/12/2009 | ||
| 999 | |a BP42 A2 UM 2009 NORJ |w LC |c 1 |i A513585097 |d 11/6/2017 |e 11/6/2017 |f 23/6/2010 |g 1 |l STACKS |m P01UTAMA |n 4 |r Y |s Y |t TESIS |u 23/6/2010 | ||
